| 000 | 00875nam a22001577a 4500 | ||
|---|---|---|---|
| 003 | SGT | ||
| 082 | _a338.642, DES | ||
| 100 | _aDESAI, VASANT | ||
| 245 | _aSMALL-SCALE INDUSTRIES AND ENTREPRENEURSHIP | ||
| 250 | _a2ND | ||
| 260 |
_aNEW DELHI _bHIMALAYA BUP. _c1996 |
||
| 300 | _a467 | ||
| 650 | _aSMALL BUSINESS | ||
| 653 | _aTHE CONCEPT OF SMALL - SCALE INDUSTRY, EVOLUTION OF THE CONCEPT OF SMALL-SCALE INDUSTRIES, CHARACTERISTICS OF SMALL-SCALE INDUSTRIES, THE ROLE OF SMALL-SCALE INDUSTRIES, POLICIES GOVERNING OF SMALL-SCALE INDUSTRIES, RURAL INDUSTRIES AND RURAL ARTISANS ANCILLARY INDUSTRIES, INDUSTRIAL ESTATES, ORGANISATIONAL STRUCTURE OF SMALL-SCALE INDUSTRIES, OWNERSHIP PATTERN IN SMALL-SCALE INDUSTRIES, FINANCE FOR SMALL-SCALE INDUSTRIES, WORKING CAPITAL MANAGEMENT, TAXATION BENEFITS, MARKETING MECHANISM IN SMALL-SCALE INDUSTRIES | ||
| 942 |
_2ddc _cFCM |
||
| 999 |
_c9108 _d9108 |
||